| 000 | 00945nam a2200313 a 4500 | ||
|---|---|---|---|
| 001 | 000003480 | ||
| 003 | DO-SdBPM | ||
| 005 | 20250731091036.0 | ||
| 007 | ta | ||
| 008 | 090709s2008 dr r 000 f spa d | ||
| 020 | _a9789945161847 | ||
| 040 |
_aDO-SdBPM _bspa _cBPMSU _drda |
||
| 082 | 4 |
_aRD863.44 _bJ58e, 2008 _222 |
|
| 100 | 1 |
_aJesús Ulerio, Luis Felipe de, _d1970- _eautor |
|
| 245 | 1 | 3 |
_aEl enigma de la cabaña / _cLuis Felipe de Jesús Ulerio. |
| 250 | _a2a ed. | ||
| 264 |
_aSanto Domingo : _bEditora Búho, _c2008. |
||
| 300 |
_a137 páginas . ; _c23 cm. |
||
| 336 |
_atexto _btxt _2rdacontent |
||
| 337 |
_asin mediación _bn _2rdamedia |
||
| 338 |
_avolumen _bnc _2rdacarrier |
||
| 590 | _aInventariado, 2025/VM | ||
| 650 | 7 | _aNovela dominicana | |
| 650 | 7 | _aLiteratura dominicana. | |
| 650 | z | _aDominican fictions | |
| 650 | z | _aDominican literature | |
| 910 | _aVMateo V. Control de calidad. BPMSU | ||
| 942 |
_2ddc _cBK |
||
| 999 |
_c15236 _d15236 |
||